Statistics for Things That Go Together Quiz #3

Click here to take the quiz!

General Stats

  • This quiz has been taken 42,548 times
    (26,474 since last reset)
  • The average score is 18 of 27

Answer Stats

Famous Pair % Correct
Ladies & {Gentlemen}
97%
{Hide} & Seek
96%
{Alpha} & Omega
95%
Near & {Far}
93%
Forgive & {Forget}
91%
In One Ear & {Out} {the} {Other}
86%
{Arts} & Crafts
85%
Rock & {Roll}
83%
Cereal & {Milk}
83%
{Cops} & Robbers
82%
{Back} & Forth
80%
The Birds & The {Bees}
80%
{Pro} & Con
74%
{Mix} & Match
72%
{Open} & Shut
72%
{Hot} & Bothered
67%
{Ball} & Chain
62%
{Dinner} & a Movie
60%
Room & {Board}
58%
Mortar & {Pestle}
54%
{Hunt} & Gather
50%
Catch & {Release}
49%
Drag & {Drop}
39%
{Pomp} & Circumstance
39%
The Carrot & The {Stick}
38%
{Savings} & Loan
26%
{40} {Acres} & a Mule
13%

Score Distribution

Percentile by Number Answered

Percent of People with Each Score

Your Score History

You have not taken this quiz since the last reset